000 004610000a22001450004500
082 0 4 _aAV 0429
100 1 _aTumiña P., Francisco
245 1 0 _aDiccionario español guambiano / Francisco Tumiña P. , Lyana García de Barragan , Carlos A. Barragan G.
260 _aPopayan, Col. : López
300 _a64 p.
505 0 0 _aOrigen -- Costumbres -- Himno Nacional -- Himno Caucano
650 1 4 _aDICCIONARIOS - ESPAÑOL - GUAMBIANO
001 17875
942 _cBK
999 _c44370
_d44370